[Event "5. Abierto Ciudad de Dos Hermanas"]
[Site "Dos Hermanas ESP"]
[Date "2006.04.05"]
[Round "7"]
[White "Epishin, Vladimir"]
[Black "Tissir, Mohamed"]
[Result "1/2-1/2"]
[WhiteElo "2553"]
[BlackElo "2444"]
[PlyCount "110"]
[EventDate "2006.03.30"]
[EventType "swiss"]
[EventRounds "9"]
[EventCountry "ESP"]
[Source "lmi"]
[SourceDate "2006.04.07"]

1. d4 d5 2. c4 c6 3. Nf3 Nf6 4. e3 a6 5. b3 Bg4 6. Nbd2 e6 7. Bd3 Nbd7 8. Bb2
Bd6 9. O-O Qb8 10. Qc2 O-O 11. h3 Bh5 12. Ng5 Bg6 13. Bxg6 hxg6 14. Rfd1 Re8
15. Rac1 Qc7 16. c5 Be7 17. g4 Nh7 18. h4 Nxg5 19. hxg5 e5 20. dxe5 Bxc5 21.
Bd4 Ba3 22. Rb1 Bb4 23. Nf3 Rac8 24. Rbc1 Ba3 25. Bb2 Bxb2 26. Qxb2 Qb6 27. Qd4
Red8 28. Rd2 Qa5 29. b4 Qb6 30. Rb2 Qxd4 31. exd4 Nb6 32. Nd2 Nc4 33. Nxc4 dxc4
34. Rxc4 b5 35. Rc3 Rxd4 36. f3 f6 37. gxf6 gxf6 38. exf6 Kf7 39. Kf2 Kxf6 40.
Rbc2 Rd6 41. Rc5 Ke7 42. Re2+ Kd7 43. Rce5 Kc7 44. Re6 Ra8 45. Rxd6 Kxd6 46.
Rd2+ Ke7 47. Rd3 a5 48. Ra3 a4 49. Rc3 Kd6 50. Ke3 Re8+ 51. Kd2 Re6 52. a3 Re8
53. Rc5 Rh8 54. Kd3 Rh2 55. Rc3 Kd5 1/2-1/2

[Event "5. Abierto Ciudad de Dos Hermanas"]
[Site "Dos Hermanas ESP"]
[Date "2006.04.05"]
[Round "7"]
[White "Dizdar, Goran"]
[Black "Carlsson, Pontus"]
[Result "1-0"]
[WhiteElo "2531"]
[BlackElo "2430"]
[PlyCount "57"]
[EventDate "2006.03.30"]
[EventType "swiss"]
[EventRounds "9"]
[EventCountry "ESP"]
[Source "lmi"]
[SourceDate "2006.04.07"]

1. Nf3 Nf6 2. c4 c5 3. Nc3 e6 4. g3 b6 5. Bg2 Bb7 6. O-O Be7 7. b3 O-O 8. Bb2
d5 9. e3 Nc6 10. cxd5 Nxd5 11. Nxd5 Qxd5 12. d4 Rad8 13. Ne5 Qd6 14. dxc5 Qxc5
15. Nd7 Qg5 16. h4 Qh6 17. Rc1 Na5 18. Bxb7 Nxb7 19. Rc7 Nc5 20. Ba3 Rfe8 21.
Rxa7 Qg6 22. Bxc5 bxc5 23. Qf3 Bxh4 24. Nxc5 Rd5 25. Nd7 h5 26. Kg2 Rf5 27. Ra8
Rxf3 28. Rxe8+ Kh7 29. Nf8+ 1-0

[Event "5. Abierto Ciudad de Dos Hermanas"]
[Site "Dos Hermanas ESP"]
[Date "2006.04.05"]
[Round "7"]
[White "Pogorelov, Ruslan"]
[Black "Castellanos, Renier"]
[Result "1/2-1/2"]
[WhiteElo "2402"]
[BlackElo "2467"]
[PlyCount "81"]
[EventDate "2006.03.30"]
[EventType "swiss"]
[EventRounds "9"]
[EventCountry "ESP"]
[Source "lmi"]
[SourceDate "2006.04.07"]

1. Nf3 Nf6 2. c4 g6 3. Nc3 Bg7 4. e4 d6 5. d4 O-O 6. Be2 e5 7. O-O exd4 8. Nxd4
Re8 9. f3 c6 10. Kh1 a6 11. Bg5 h6 12. Bh4 Nbd7 13. Nb3 Qe7 14. Bg3 d5 15. cxd5
cxd5 16. Nxd5 Nxd5 17. Qxd5 Bxb2 18. Rad1 Bg7 19. Bd6 Qg5 20. Qd3 Ne5 21. Qc2
Qh4 22. Nc5 Kh7 23. Qb3 b5 24. Kg1 g5 25. a4 bxa4 26. Qxa4 Be6 27. Nxe6 Rxe6
28. g3 Qh3 29. Rf2 Rd8 30. Bf1 Qh5 31. Bxe5 Rxd1 32. Qxd1 Bxe5 33. Kg2 Rd6 34.
Qb3 Qg6 35. Bc4 Kg7 36. Bd5 Rb6 37. Qa4 Qf6 38. Rc2 h5 39. Qe8 Rb8 40. Qc6 Rb2
41. Rxb2 1/2-1/2

[Event "5. Abierto Ciudad de Dos Hermanas"]
[Site "Dos Hermanas ESP"]
[Date "2006.04.05"]
[Round "7"]
[White "Fernandez Romero, Ernesto"]
[Black "Garcia Luque, Agustin"]
[Result "1/2-1/2"]
[WhiteElo "2460"]
[BlackElo "2355"]
[PlyCount "91"]
[EventDate "2006.03.30"]
[EventType "swiss"]
[EventRounds "9"]
[EventCountry "ESP"]
[Source "lmi"]
[SourceDate "2006.04.07"]

1. e4 c6 2. d4 d5 3. Nc3 dxe4 4. Nxe4 Nd7 5. Ng5 Ngf6 6. Bd3 e6 7. N1f3 Bd6 8.
Qe2 h6 9. Ne4 Nxe4 10. Qxe4 Qc7 11. O-O b6 12. Qg4 Rg8 13. Re1 Nf6 14. Qh3 Bb7
15. a4 O-O-O 16. a5 g5 17. axb6 axb6 18. Ne5 h5 19. Qf3 Ng4 20. Qe4 Kb8 21. h3
f5 22. Qe2 Nxe5 23. dxe5 Be7 24. Ba6 g4 25. h4 Bxh4 26. Bxb7 Qxb7 27. Be3 Bg5
28. Bxg5 Rxg5 29. Ra6 f4 30. Rea1 b5 31. g3 Rg7 32. c4 Rgd7 33. c5 f3 34. Qe1
Qxa6 35. Rxa6 Rd1 36. Ra1 Rxe1+ 37. Rxe1 Rd2 38. b4 Re2 39. Rd1 Kc7 40. Ra1
Rxe5 41. Ra7+ Kb8 42. Rh7 Re1+ 43. Kh2 Re2 44. Kg1 Re1+ 45. Kh2 Rb1 46. Rb7+
1/2-1/2

[Event "5. Abierto Ciudad de Dos Hermanas"]
[Site "Dos Hermanas ESP"]
[Date "2006.04.05"]
[Round "7"]
[White "De La Villa Garcia, Jesus M"]
[Black "Carretero Ortiz, Francisco"]
[Result "1/2-1/2"]
[WhiteElo "2451"]
[BlackElo "2183"]
[PlyCount "66"]
[EventDate "2006.03.30"]
[EventType "swiss"]
[EventRounds "9"]
[EventCountry "ESP"]
[Source "lmi"]
[SourceDate "2006.04.07"]

1. e4 d5 2. exd5 Nf6 3. Nf3 Nxd5 4. d4 Bf5 5. Nh4 Bc8 6. g3 g6 7. Bg2 Bg7 8.
O-O O-O 9. c3 Nc6 10. Re1 Nb6 11. f4 Be6 12. Nd2 Bd5 13. Ne4 a5 14. a4 e6 15.
Nf3 Ne7 16. b3 Bxe4 17. Rxe4 Nbd5 18. Bb2 c5 19. Ne5 cxd4 20. cxd4 Nf5 21. Qd2
Rc8 22. Nc4 Nb4 23. Rd1 Nd6 24. Nxd6 Qxd6 25. Ba3 Rfd8 26. Bxb4 axb4 27. d5 Bc3
28. Qe2 exd5 29. Re7 Qb6+ 30. Qf2 Qc6 31. Qa7 Bf6 32. Re2 b6 33. Qa6 Qc5+
1/2-1/2

[Event "5. Abierto Ciudad de Dos Hermanas"]
[Site "Dos Hermanas ESP"]
[Date "2006.04.05"]
[Round "7"]
[White "Colovic, Aleksandar"]
[Black "Barrero Garcia, Carlos"]
[Result "1-0"]
[WhiteElo "2459"]
[BlackElo "2302"]
[PlyCount "109"]
[EventDate "2006.03.30"]
[EventType "swiss"]
[EventRounds "9"]
[EventCountry "ESP"]
[Source "lmi"]
[SourceDate "2006.04.07"]

1. e4 e6 2. d4 d5 3. Nc3 Bb4 4. e5 b6 5. a3 Bf8 6. Be3 Qd7 7. Bb5 c6 8. Ba4 a5
9. Nce2 Ba6 10. c3 Bb5 11. Bc2 a4 12. Nf3 c5 13. O-O Nc6 14. Re1 Na5 15. Ng3
Nc4 16. Bc1 Kd8 17. dxc5 bxc5 18. b3 axb3 19. Bxb3 Ba4 20. Nd2 Nxd2 21. Bxd2 c4
22. Bxa4 Qxa4 23. Qf3 Ke8 24. Reb1 Qc6 25. Be3 Qc7 26. a4 Ne7 27. a5 Nc6 28.
Bb6 Qxe5 29. Re1 Qd6 30. Nf5 Qd7 31. Rad1 Ne7 32. Ne3 f6 33. Nxd5 exd5 34. Rxd5
Qa4 35. Rd6 Rc8 36. Qf5 Kf7 37. Qe6+ Kg6 38. Qg4+ Kf7 39. Qe6+ Kg6 40. Qg4+ Kf7
41. Qh5+ g6 42. Rxf6+ Kxf6 43. Qe5+ Kf7 44. Qxh8 Nf5 45. Qxh7+ Bg7 46. Qh3 Re8
47. Rf1 Qc6 48. Qg4 Bxc3 49. h4 Qe4 50. Qxe4 Rxe4 51. a6 Bb2 52. a7 Re8 53. Rd1
c3 54. Rd7+ Ke6 55. Rd8 1-0

[Event "5. Abierto Ciudad de Dos Hermanas"]
[Site "Dos Hermanas ESP"]
[Date "2006.04.05"]
[Round "7"]
[White "Khamrakulov, Ibragim S"]
[Black "Vega Gutierrez, Sabrina Neide"]
[Result "1/2-1/2"]
[WhiteElo "2499"]
[BlackElo "2180"]
[PlyCount "128"]
[EventDate "2006.03.30"]
[EventType "swiss"]
[EventRounds "9"]
[EventCountry "ESP"]
[Source "lmi"]
[SourceDate "2006.04.07"]

1. e4 c5 2. c3 d5 3. exd5 Qxd5 4. d4 e6 5. Nf3 Nf6 6. Bd3 cxd4 7. cxd4 Nc6 8.
O-O Be7 9. Nc3 Qd6 10. a3 O-O 11. Be3 b6 12. Qe2 Bb7 13. Rac1 Rac8 14. Rc2 Rfd8
15. Rfc1 Qb8 16. h3 Qa8 17. Ba6 Bxa6 18. Qxa6 Nb8 19. Qa4 Qb7 20. Ne5 a6 21.
Qb3 Nc6 22. Na4 Nxd4 23. Bxd4 Rxc2 24. Qxc2 Rxd4 25. Qc8+ Qxc8 26. Rxc8+ Bf8
27. Nxb6 Rd1+ 28. Kh2 g6 29. Nbc4 Ne4 30. Ne3 Rd2 31. f3 Nd6 32. Ra8 Kg7 33. b3
Rb2 34. Rb8 Re2 35. N5c4 Nb5 36. Ra8 Bc5 37. Nd1 Nxa3 38. Nc3 Rc2 39. Ne4 Nxc4
40. bxc4 Be3 41. Rxa6 Rxc4 42. Ra2 Bf4+ 43. g3 Bc7 44. Kg2 h6 45. Rd2 g5 46.
Nd6 Bxd6 47. Rxd6 Rc2+ 48. Kg1 Kf6 49. Rd7 h5 50. Ra7 Kg6 51. Re7 Kf6 52. Ra7
e5 53. Ra6+ Kg7 54. Ra5 f6 55. f4 exf4 56. gxf4 gxf4 57. Rf5 Rc4 58. Rxh5 Kg6
59. Rd5 f5 60. Kf2 Kg5 61. Rd8 Rc2+ 62. Kf3 Rc3+ 63. Kf2 f3 64. Rd4 Ra3 1/2-1/2

[Event "5. Abierto Ciudad de Dos Hermanas"]
[Site "Dos Hermanas ESP"]
[Date "2006.04.05"]
[Round "7"]
[White "Teran Alvarez, Ismael"]
[Black "Lopez Rodriguez, Fernando"]
[Result "1/2-1/2"]
[WhiteElo "2446"]
[BlackElo "2153"]
[PlyCount "151"]
[EventDate "2006.03.30"]
[EventType "swiss"]
[EventRounds "9"]
[EventCountry "ESP"]
[Source "lmi"]
[SourceDate "2006.04.07"]

1. d4 Nf6 2. Nf3 g6 3. Bg5 Bg7 4. Nbd2 O-O 5. e4 d6 6. Be2 Nbd7 7. O-O e5 8.
dxe5 dxe5 9. c3 h6 10. Bh4 Qe8 11. Qc2 Nh5 12. Rfe1 Nf4 13. Bf1 a6 14. b4 b6
15. Nc4 Bb7 16. Nfd2 Nf6 17. a4 Rc8 18. Ne3 Rd8 19. f3 Rd7 20. a5 b5 21. Nb3
Ne6 22. Rad1 Qc8 23. Rxd7 Nxd7 24. Rd1 c5 25. Qd2 c4 26. Na1 Nf6 27. Nac2 Rd8
28. Qc1 Rxd1 29. Qxd1 Qd7 30. Qxd7 Nxd7 31. Bf2 Kf8 32. g3 Ke7 33. h4 h5 34.
Bh3 Kd6 35. Kf1 Bh6 36. Ke2 Bc6 37. Na3 Bb7 38. Nb1 Bc6 39. Nd2 Bb7 40. Ng2 Bc6
41. Be3 Bxe3 42. Kxe3 Ng7 43. Nf1 Nb8 44. g4 Bd7 45. Ng3 Be6 46. gxh5 Nxh5 47.
Bxe6 Kxe6 48. Nxh5 gxh5 49. f4 f6 50. Kf3 Nc6 51. Ne3 Ne7 52. f5+ Kf7 53. Nf1
Kg7 54. Ng3 Kh6 55. Ke3 Nc6 56. Ne2 Kg7 57. Ng3 Kh6 58. Kf3 Ne7 59. Ke2 Nc6 60.
Kd2 Ne7 61. Kc2 Nc6 62. Kb2 Ne7 63. Nf1 Kg7 64. Ne3 Kf7 65. Ka3 Kg7 66. Nxc4
bxc4 67. b5 Kf7 68. Kb4 Ke8 69. bxa6 Kd7 70. a7 Nc6+ 71. Kxc4 Nxa7 72. Kc5 Kc7
73. c4 Nc6 74. a6 Na7 75. Kd5 Kd7 76. Kc5 1/2-1/2

[Event "5. Abierto Ciudad de Dos Hermanas"]
[Site "Dos Hermanas ESP"]
[Date "2006.04.05"]
[Round "7"]
[White "Rincon Bascon, Jorge"]
[Black "Alexandrova, Olga"]
[Result "1/2-1/2"]
[WhiteElo "2166"]
[BlackElo "2372"]
[PlyCount "129"]
[EventDate "2006.03.30"]
[EventType "swiss"]
[EventRounds "9"]
[EventCountry "ESP"]
[Source "lmi"]
[SourceDate "2006.04.07"]

1. e4 c5 2. Nf3 e6 3. d4 cxd4 4. Nxd4 a6 5. Nc3 b5 6. Bd3 d6 7. O-O Bb7 8. Re1
Nf6 9. Bg5 Be7 10. a3 Nc6 11. Nxc6 Bxc6 12. f4 h5 13. h3 Qb6+ 14. Kf1 h4 15.
Bxf6 gxf6 16. Qe2 Qb7 17. b4 Rg8 18. a4 bxa4 19. b5 axb5 20. Nxb5 f5 21. Rab1
Qc8 22. Nd4 Bxe4 23. Bxe4 fxe4 24. Qxe4 d5 25. Qe5 Qa6+ 26. Re2 Qd6 27. Qh5 a3
28. Nxe6 a2 29. Ra1 Ra4 30. c3 Rg6 31. f5 Rf6 32. Raxa2 Rxa2 33. Rxa2 Qb6 34.
Ra8+ Kd7 35. Nd4 Qb1+ 36. Kf2 Bc5 37. Qg4 Qc2+ 38. Kf1 Qxc3 39. Ne2 Qb3 40.
Qa4+ Qxa4 41. Rxa4 Rxf5+ 42. Ke1 Bf2+ 43. Kd2 Kc6 44. Kd3 Kc5 45. Rg4 Kd6 46.
Nc3 Be1 47. Nb5+ Kc5 48. Nd4 Rh5 49. Rf4 Rh7 50. Nf3 Bg3 51. Rf5 Rg7 52. Ng5
Bh2 53. Ke2 Kd6 54. Nxf7+ Ke6 55. Nh6 Rh7 56. Rh5 Bf4 57. Nf5 Rxh5 58. Ng7+ Kf6
59. Nxh5+ Kg5 60. Ng7 Kf6 61. Nh5+ Kf5 62. Kf3 Be5 63. g3 d4 64. g4+ Ke6 65.
Ke4 1/2-1/2

[Event "5. Abierto Ciudad de Dos Hermanas"]
[Site "Dos Hermanas ESP"]
[Date "2006.04.05"]
[Round "7"]
[White "Dias, Paulo"]
[Black "Gonzalez Marquez, Antonio Jesus"]
[Result "1-0"]
[WhiteElo "2370"]
[BlackElo "2067"]
[PlyCount "121"]
[EventDate "2006.03.30"]
[EventType "swiss"]
[EventRounds "9"]
[EventCountry "ESP"]
[Source "lmi"]
[SourceDate "2006.04.07"]

1. d4 d5 2. c4 c6 3. Nc3 Nf6 4. Nf3 e6 5. Bg5 Be7 6. e3 Nbd7 7. cxd5 exd5 8.
Bd3 O-O 9. Qc2 Re8 10. h3 Nf8 11. O-O h6 12. Bxf6 Bxf6 13. b4 Ne6 14. Rad1 Ng5
15. Nxg5 Bxg5 16. b5 Bd7 17. bxc6 bxc6 18. Na4 Be7 19. Nc5 Bxc5 20. Qxc5 Qe7
21. Qxe7 Rxe7 22. Rb1 Kf8 23. Rfc1 Rc8 24. Rb3 Be8 25. Ba6 Rcc7 26. f3 f5 27.
Kf2 Kf7 28. g4 Ke6 29. Bd3 fxg4 30. hxg4 Rb7 31. Bf5+ Kd6 32. Bc2 Rxb3 33. Bxb3
Bg6 34. Ba4 Rc7 35. Rc5 Bd3 36. Kg3 a6 37. Kh4 Bb5 38. Bc2 Bc4 39. a3 Be2 40.
f4 Rb7 41. Kh5 Rb2 42. Rc3 Ra2 43. Kg6 Bxg4 44. Kxg7 h5 45. f5 Rxc2 46. Rxc2
Bxf5 47. Rf2 Bg4 48. Rf6+ Kc7 49. Kf7 Kd7 50. Rh6 Be2 51. Rh8 Bf3 52. Ra8 Be2
53. a4 Bf1 54. Rh8 Be2 55. a5 Bf3 56. Rh6 Bg4 57. Kf6 Bf3 58. Ke5 Ke7 59. Rxc6
Kf7 60. Rxa6 Kg7 61. Rb6 1-0

[Event "5. Abierto Ciudad de Dos Hermanas"]
[Site "Dos Hermanas ESP"]
[Date "2006.04.06"]
[Round "8"]
[White "Burmakin, Vladimir"]
[Black "Cheparinov, Ivan"]
[Result "1/2-1/2"]
[WhiteElo "2519"]
[BlackElo "2625"]
[PlyCount "64"]
[EventDate "2006.03.30"]
[EventType "swiss"]
[EventRounds "9"]
[EventCountry "ESP"]
[Source "lmi"]
[SourceDate "2006.04.07"]

1. d4 Nf6 2. Nf3 e6 3. g3 b5 4. Bg2 Bb7 5. O-O c5 6. Na3 a6 7. c4 b4 8. Nc2
cxd4 9. Ncxd4 Be7 10. a3 bxa3 11. b3 O-O 12. Bxa3 d6 13. Qd2 Nbd7 14. Bb4 Nc5
15. Ba5 Qd7 16. Qa2 e5 17. Nc2 Rab8 18. b4 Nce4 19. Ne3 Qe6 20. Qc2 Rfc8 21.
Nd2 Nxd2 22. Qxd2 Bxg2 23. Kxg2 Ng4 24. Nd5 Rxc4 25. Qd3 Rbc8 26. Nb6 Rd4 27.
Qxa6 Rf8 28. h3 Nf6 29. Rad1 Rxd1 30. Rxd1 d5 31. Qb7 d4 32. Rc1 Bd8 1/2-1/2

[Event "5. Abierto Ciudad de Dos Hermanas"]
[Site "Dos Hermanas ESP"]
[Date "2006.04.06"]
[Round "8"]
[White "Neelotpal, Das"]
[Black "Krivoshey, Sergei"]
[Result "1/2-1/2"]
[WhiteElo "2512"]
[BlackElo "2553"]
[PlyCount "30"]
[EventDate "2006.03.30"]
[EventType "swiss"]
[EventRounds "9"]
[EventCountry "ESP"]
[Source "lmi"]
[SourceDate "2006.04.07"]

1. e4 e6 2. d4 d5 3. Nd2 c5 4. exd5 Qxd5 5. Ngf3 cxd4 6. Bc4 Qd6 7. O-O Nf6 8.
Nb3 Nc6 9. Nbxd4 Nxd4 10. Nxd4 a6 11. Bb3 Bd7 12. c3 Qc7 13. Qe2 Bd6 14. h3
O-O-O 15. Qc4 h6 1/2-1/2

[Event "5. Abierto Ciudad de Dos Hermanas"]
[Site "Dos Hermanas ESP"]
[Date "2006.04.06"]
[Round "8"]
[White "Caruana, Fabiano"]
[Black "Epishin, Vladimir"]
[Result "1/2-1/2"]
[WhiteElo "2409"]
[BlackElo "2553"]
[PlyCount "74"]
[EventDate "2006.03.30"]
[EventType "swiss"]
[EventRounds "9"]
[EventCountry "ESP"]
[Source "lmi"]
[SourceDate "2006.04.07"]

1. e4 c5 2. Nf3 e6 3. d4 cxd4 4. Nxd4 a6 5. Bd3 Bc5 6. Nb3 Be7 7. Qg4 g6 8. Qe2
d6 9. a4 Nf6 10. Bh6 Bf8 11. Bxf8 Kxf8 12. a5 e5 13. Bc4 Kg7 14. O-O Qc7 15. f4
Bg4 16. Qd3 Nbd7 17. N1d2 exf4 18. Qd4 Ne5 19. Rxf4 Be6 20. Bd5 Rhf8 21. Raf1
Nfd7 22. Qe3 Rae8 23. Nd4 Bxd5 24. exd5 Qc5 25. Ne4 Qxd5 26. Rh4 h5 27. Rxh5
Nf3+ 28. Rxf3 Qxh5 29. Rh3 Rxe4 30. Qxe4 Qd1+ 31. Kf2 Qd2+ 32. Ne2 Ne5 33. Qh4
Re8 34. Qh7+ Kf6 35. Qh4+ Kg7 36. Qh7+ Kf6 37. Qh4+ Kg7 1/2-1/2

[Event "5. Abierto Ciudad de Dos Hermanas"]
[Site "Dos Hermanas ESP"]
[Date "2006.04.06"]
[Round "8"]
[White "Castellanos, Renier"]
[Black "Ivanov, Jordan"]
[Result "1-0"]
[WhiteElo "2467"]
[BlackElo "2348"]
[PlyCount "43"]
[EventDate "2006.03.30"]
[EventType "swiss"]
[EventRounds "9"]
[EventCountry "ESP"]
[Source "lmi"]
[SourceDate "2006.04.07"]

1. e4 c5 2. Nf3 e6 3. d4 cxd4 4. Nxd4 a6 5. Bd3 Bc5 6. Nb3 Be7 7. Qg4 Bf6 8.
O-O d6 9. Nc3 Nc6 10. f4 Nge7 11. Bd2 Nd4 12. Rae1 Nxb3 13. axb3 Nc6 14. Kh1 g6
15. Qh3 Bd7 16. e5 dxe5 17. Ne4 Be7 18. fxe5 Nxe5 19. Bc3 f6 20. Nxf6+ Bxf6 21.
Rxf6 Qxf6 22. Bxe5 1-0

[Event "5. Abierto Ciudad de Dos Hermanas"]
[Site "Dos Hermanas ESP"]
[Date "2006.04.06"]
[Round "8"]
[White "Garcia Luque, Agustin"]
[Black "Colovic, Aleksandar"]
[Result "1/2-1/2"]
[WhiteElo "2355"]
[BlackElo "2459"]
[PlyCount "81"]
[EventDate "2006.03.30"]
[EventType "swiss"]
[EventRounds "9"]
[EventCountry "ESP"]
[Source "lmi"]
[SourceDate "2006.04.07"]

1. e4 c5 2. Nf3 d6 3. Bb5+ Bd7 4. Bxd7+ Qxd7 5. c4 Nf6 6. Nc3 g6 7. O-O Bg7 8.
Rb1 Nc6 9. a3 O-O 10. b4 Ng4 11. h3 Nge5 12. Nxe5 Nxe5 13. Qe2 Rac8 14. b5 Qd8
15. Bb2 e6 16. Nd1 Re8 17. f4 Nd7 18. Bxg7 Kxg7 19. Rb3 d5 20. cxd5 exd5 21. e5
c4 22. Rg3 Qb6+ 23. Kh1 Qxb5 24. Ne3 Kh8 25. Ng4 f5 26. e6 fxg4 27. hxg4 d4 28.
exd7 Qxd7 29. Qf2 c3 30. dxc3 dxc3 31. f5 Qd2 32. Rf3 Qxf2 33. R3xf2 Red8 34.
Rc1 Kg7 35. Kh2 Rd2 36. Rxc3 Rxc3 37. Rxd2 Rxa3 38. Rd7+ Kf6 39. Rxb7 gxf5 40.
gxf5 Kxf5 41. Rxh7 1/2-1/2

[Event "5. Abierto Ciudad de Dos Hermanas"]
[Site "Dos Hermanas ESP"]
[Date "2006.04.06"]
[Round "8"]
[White "Vega Gutierrez, Sabrina Neide"]
[Black "De La Villa Garcia, Jesus M"]
[Result "1/2-1/2"]
[WhiteElo "2180"]
[BlackElo "2451"]
[PlyCount "30"]
[EventDate "2006.03.30"]
[EventType "swiss"]
[EventRounds "9"]
[EventCountry "ESP"]
[Source "lmi"]
[SourceDate "2006.04.07"]

1. e4 c6 2. d4 d5 3. Nc3 dxe4 4. Nxe4 Bf5 5. Ng3 Bg6 6. h4 h6 7. Nf3 Nd7 8. h5
Bh7 9. Bd3 Bxd3 10. Qxd3 Ngf6 11. Bf4 Qa5+ 12. Bd2 Qc7 13. O-O-O e6 14. Ne4
O-O-O 15. Kb1 Nc5 1/2-1/2

[Event "5. Abierto Ciudad de Dos Hermanas"]
[Site "Dos Hermanas ESP"]
[Date "2006.04.06"]
[Round "8"]
[White "Carlsson, Pontus"]
[Black "Rodriguez Aguilera, Antonio"]
[Result "1-0"]
[WhiteElo "2430"]
[BlackElo "2231"]
[PlyCount "50"]
[EventDate "2006.03.30"]
[EventType "swiss"]
[EventRounds "9"]
[EventCountry "ESP"]
[Source "lmi"]
[SourceDate "2006.04.07"]

1. e4 d6 2. d4 Nf6 3. Nc3 g6 4. f4 Bg7 5. Nf3 O-O 6. Bd3 Na6 7. O-O c5 8. d5
Bg4 9. Bc4 Nc7 10. h3 Bxf3 11. Qxf3 e6 12. dxe6 Nxe6 13. Nd5 Rb8 14. a4 Kh8 15.
c3 Nxd5 16. exd5 Nc7 17. f5 Ne8 18. Qg4 Nf6 19. Qh4 Nh5 20. Qxd8 Rfxd8 21. g4
Ng3 22. f6 Nxf1 23. fxg7+ Kxg7 24. Kxf1 Re8 25. Bd3 Re5 1-0

[Event "5. Abierto Ciudad de Dos Hermanas"]
[Site "Dos Hermanas ESP"]
[Date "2006.04.06"]
[Round "8"]
[White "Vega Gutierrez, Belinda"]
[Black "Perez, Rodney"]
[Result "1/2-1/2"]
[WhiteElo "2117"]
[BlackElo "2425"]
[PlyCount "22"]
[EventDate "2006.03.30"]
[EventType "swiss"]
[EventRounds "9"]
[EventCountry "ESP"]
[Source "lmi"]
[SourceDate "2006.04.07"]

1. e4 c5 2. Nf3 Nc6 3. d4 cxd4 4. Nxd4 Nf6 5. Nc3 d6 6. f3 e6 7. Be3 a6 8. Qd2
d5 9. O-O-O dxe4 10. Qf2 Qc7 11. Nxe4 Nxe4 1/2-1/2

[Event "5. Abierto Ciudad de Dos Hermanas"]
[Site "Dos Hermanas ESP"]
[Date "2006.04.06"]
[Round "8"]
[White "Lalic, Bogdan"]
[Black "Dias, Paulo"]
[Result "1-0"]
[WhiteElo "2488"]
[BlackElo "2370"]
[PlyCount "79"]
[EventDate "2006.03.30"]
[EventType "swiss"]
[EventRounds "9"]
[EventCountry "ESP"]
[Source "lmi"]
[SourceDate "2006.04.07"]

1. c4 Nf6 2. Nc3 e6 3. e4 d5 4. e5 d4 5. exf6 dxc3 6. bxc3 Qxf6 7. Nf3 c5 8.
Bd3 Bd7 9. O-O Bc6 10. Be2 Bd6 11. d4 Qd8 12. Bd3 h6 13. Re1 Bxf3 14. Qxf3 Nc6
15. Rb1 Qc7 16. Be4 Rc8 17. d5 Ne5 18. Qh5 g6 19. Qe2 f5 20. f4 Nd7 21. dxe6
Nf6 22. Bxb7 Rb8 23. Qf3 Ke7 24. Rb3 g5 25. fxg5 Bxh2+ 26. Kf1 hxg5 27. Bxg5
Bg3 28. Rd1 Qe5 29. Qe3 Kxe6 30. Ke2 Rbd8 31. Rxd8 Rxd8 32. Ra3 Rd7 33. Bc8 Ne4
34. Ra6+ Kf7 35. Bxd7 f4 36. Be6+ Ke8 37. Rxa7 Qxe6 38. Bxf4 Qg4+ 39. Kd3 Qd1+
40. Kxe4 1-0

[Event "5. Abierto Ciudad de Dos Hermanas"]
[Site "Dos Hermanas ESP"]
[Date "2006.04.06"]
[Round "8"]
[White "Zambrana, Oswaldo"]
[Black "Fernandez Romero, Ernesto"]
[Result "1-0"]
[WhiteElo "2405"]
[BlackElo "2460"]
[PlyCount "85"]
[EventDate "2006.03.30"]
[EventType "swiss"]
[EventRounds "9"]
[EventCountry "ESP"]
[Source "lmi"]
[SourceDate "2006.04.07"]

1. e4 c5 2. Nf3 Nf6 3. Nc3 d5 4. exd5 Nxd5 5. Bb5+ Bd7 6. a4 Bxb5 7. axb5 e6 8.
O-O Be7 9. Ne4 Nd7 10. c4 N5f6 11. Nc3 O-O 12. d4 Qc7 13. dxc5 Nxc5 14. Qc2 a5
15. h3 Ncd7 16. b3 Rfd8 17. Rd1 Nc5 18. Be3 Rxd1+ 19. Rxd1 Rd8 20. Rxd8+ Qxd8
21. Na4 Nfd7 22. Ne5 Nxe5 23. Nxc5 Bxc5 24. Bxc5 Nd3 25. Be3 f5 26. Qc3 e5 27.
Bb6 Qd7 28. Qxa5 Nc1 29. Qe1 Nd3 30. Qe3 e4 31. Bd4 h6 32. Bc3 Qe7 33. f3 h5
34. fxe4 fxe4 35. Bd4 h4 36. c5 Nb4 37. Qc3 Nd5 38. Qc4 Qe6 39. c6 bxc6 40.
bxc6 e3 41. c7 Nxc7 42. Qxe6+ Nxe6 43. Bxe3 1-0

[Event "5. Abierto Ciudad de Dos Hermanas"]
[Site "Dos Hermanas ESP"]
[Date "2006.04.06"]
[Round "8"]
[White "Vila Gazquez, Javier"]
[Black "Tissir, Mohamed"]
[Result "1/2-1/2"]
[WhiteElo "2317"]
[BlackElo "2444"]
[PlyCount "78"]
[EventDate "2006.03.30"]
[EventType "swiss"]
[EventRounds "9"]
[EventCountry "ESP"]
[Source "lmi"]
[SourceDate "2006.04.07"]

1. e4 c5 2. Nf3 d6 3. d4 cxd4 4. Nxd4 Nf6 5. Nc3 a6 6. Qf3 e6 7. Be2 Qb6 8. Nb3
Qc7 9. O-O b5 10. a3 Bb7 11. Bd3 Nbd7 12. Qg3 Be7 13. Qxg7 Rg8 14. Qh6 O-O-O
15. f3 Rg6 16. Qe3 Rdg8 17. Rf2 Ne5 18. Ne2 Neg4 19. fxg4 Nxg4 20. Qa7 Nxf2 21.
Kxf2 Rxg2+ 22. Ke1 Bh4+ 23. Kd1 f5 24. exf5 Rg1+ 25. Nxg1 Bf3+ 26. Nxf3 Qxa7
27. Nxh4 Qf2 28. Ng6 hxg6 29. fxe6 Qg1+ 30. Kd2 Qxh2+ 31. Be2 Qf4+ 32. Kd1 Qe5
33. c3 Qxe6 34. Nd4 Qe5 35. Bd2 Rh8 36. Kc2 Rh2 37. Re1 Kd7 38. Kc1 Qf6 39. Bf3
Rf2 1/2-1/2

[Event "5. Abierto Ciudad de Dos Hermanas"]
[Site "Dos Hermanas ESP"]
[Date "2006.04.06"]
[Round "8"]
[White "Lopez Rodriguez, Fernando"]
[Black "Khamrakulov, Ibragim S"]
[Result "0-1"]
[WhiteElo "2153"]
[BlackElo "2499"]
[PlyCount "74"]
[EventDate "2006.03.30"]
[EventType "swiss"]
[EventRounds "9"]
[EventCountry "ESP"]
[Source "lmi"]
[SourceDate "2006.04.07"]

1. d4 Nf6 2. Nf3 e6 3. g3 b5 4. Bg2 Bb7 5. O-O c5 6. c3 cxd4 7. Nxd4 Bxg2 8.
Kxg2 b4 9. cxb4 Bxb4 10. a3 Ba5 11. b4 Bb6 12. Bb2 O-O 13. Nc3 d5 14. Nf3 Nbd7
15. Qd3 e5 16. Qf5 g6 17. Qg5 d4 18. Na4 Nd5 19. Qxd8 Rfxd8 20. Nd2 a5 21. Nc4
Bc7 22. b5 Rdb8 23. e3 dxe3 24. b6 N7xb6 25. Naxb6 Nxb6 26. Nxe3 Na4 27. Rac1
Nxb2 28. Rxc7 Nd3 29. Nd5 Kg7 30. Rd1 Rb3 31. Nc3 Rd8 32. Kf1 Rb2 33. Ne4 Nf4
34. Rdc1 Ne6 35. Ra7 Rd4 36. Nc3 Rc4 37. Rxa5 Rb3 0-1

[Event "5. Abierto Ciudad de Dos Hermanas"]
[Site "Dos Hermanas ESP"]
[Date "2006.04.06"]
[Round "8"]
[White "Illescas Cordoba, Miguel"]
[Black "Dizdar, Goran"]
[Result "1/2-1/2"]
[WhiteElo "2608"]
[BlackElo "2531"]
[PlyCount "69"]
[EventDate "2006.03.30"]
[EventType "swiss"]
[EventRounds "9"]
[EventCountry "ESP"]
[Source "lmi"]
[SourceDate "2006.04.07"]

1. c4 Nf6 2. Nc3 e6 3. Nf3 d5 4. d4 Bb4 5. cxd5 exd5 6. Bg5 h6 7. Bh4 g5 8. Bg3
Ne4 9. Nd2 Nxc3 10. bxc3 Bxc3 11. Rc1 Ba5 12. e3 c6 13. Bd3 Bc7 14. Rb1 Bxg3
15. hxg3 Nd7 16. a4 Kf8 17. O-O Nf6 18. Nf3 Kg7 19. Ne5 Re8 20. f4 g4 21. f5
Qd6 22. Kh2 Rxe5 23. dxe5 Qxe5 24. Qc1 Rb8 25. a5 b6 26. axb6 axb6 27. Qxc6
Qxe3 28. Qc7 Ra8 29. Rxb6 Qxd3 30. Qe5 Qxf1 31. Qxf6+ Kg8 32. Qd8+ Kh7 33. Rf6
Kg7 34. Rg6+ fxg6 35. Qe7+ 1/2-1/2